000
00359nam a2200133Ia 4500
008
100328s9999 xx 000 0 und d
082
_b
3876
100
_a
पेरुरकर य.दि.
245
_a
घायाळ
260
_b
देशमुख आणि कंपनी
630
_a
घायाळ
730
_a
घायाळ
942
_c
BOOK
999
_c
499985
_d
499982